[Event "Nat 4 Albi - Blaye"]
[Site "Albi"]
[Date "2007.10.21"]
[Round "1"]
[White "Schegerin, André"]
[Black "Valat, Jean-Marie"]
[Result "1/2-1/2"]
[WhiteElo "1830"]
[BlackElo "1770"]
[EventDate "2007.??.??"]
[PlyCount "194"]

1.e4 c5 2.g3 Nc6 3.Bg2 d6 4.Ne2 e6 5.c4 g6 6.Nbc3 a6 7.O-O Bg7 8.d3 Nge7 
9.f4 O-O 10.g4 Rb8 11.Ng3 Nd4 12.Be3 Ndc6 13.Qd2 f5 14.gxf5 exf5 15.Kh1 
Be6 16.exf5 Nxf5 17.Bd5 Nxg3+ 18.hxg3 Qd7 19.Bxe6+ Qxe6 20.Kg2 Nd4 21.Rfe1
Qd7 22.Bxd4 Bxd4 23.Nd5 Rbe8 24.Re4 Rxe4 25.dxe4 Qg4 26.Re1 Kg7 27.Re2 Rf7
28.b3 h5 29.Ne3 Qe6 30.Nc2 Bf6 31.Qd3 Be7 32.f5 Qf6 33.Ne3 Qe5 34.fxg6 
Kxg6 35.Nf5 Bf8 36.Rd2 Rf6 37.Qf3 Qe6 38.Rd5 Be7 39.Qf4 Kf7 40.Kf3 Kg8 41.
Qg5+ Kf8 42.Qxh5 Qf7 43.Qh8+ Qg8 44.Qxg8+ Kxg8 45.g4 Kf8 46.Kf4 Kf7 47.Rd1
Ke6 48.Rh1 Rg6 49.Nxe7 Kxe7 50.Rh7+ Ke6 51.Rxb7 Rf6+ 52.Ke3 Rg6 53.Rb6 a5 
54.Ra6 Rxg4 55.Rxa5 Ke5 56.Ra8 Rxe4+ 57.Kd3 Rd4+ 58.Kc3 Rh4 59.Re8+ Kf6 
60.Kb2 Rh2+ 61.Ka3 Kf7 62.Ra8 Ke6 63.Re8+ Kd7 64.Re1 Rd2 65.Rb1 Rd3 66.Rb2
Kc6 67.Rc2 Kb6 68.Rh2 Kc6 69.Ka4 Rf3 70.Rh6 Rf8 71.Ka3 Rf2 72.Rh8 Rc2 73.
Ra8 Kb7 74.Ra5 Kc6 75.Ra6+ Kc7 76.Ra7+ Kb6 77.Rh7 Rd2 78.Rh4 Ka5 79.Rh1 
Rd3 80.Rh2 Kb6 81.Kb2 Rf3 82.a3 Rf8 83.Rd2 Rf6 84.Kc3 Rf3+ 85.Rd3 Rf6 86.
b4 Rg6 87.a4 cxb4+ 88.Kxb4 Kc6 89.a5 Rg1 90.Ra3 Rb1+ 91.Kc3 Rb7 92.Kd4 Ra7
93.a6 Kd7 94.Kd5 Kc7 95.Ke6 Kc6 96.Rd3 Kc5 97.Rxd6 Kxc4 1/2-1/2

[Event "Nat 4 Albi - Blaye"]
[Site "Albi"]
[Date "2007.10.21"]
[Round "1"]
[White "Olle, Jean Pierre"]
[Black "Caron, Jean-Marie"]
[Result "0-1"]
[WhiteElo "1840"]
[BlackElo "1923"]
[EventDate "2007.??.??"]
[PlyCount "58"]

1.e4 e6 2.d4 d5 3.exd5 exd5 4.Bd3 c5 5.Nf3 Nc6 6.c3 Be6 7.O-O h6 8.Be3 c4 
9.Bc2 Bd6 10.Re1 Qc7 11.Nbd2 g5 12.Nf1 g4 13.Nh4 Nge7 14.Qe2 O-O-O 15.b4 
Rdf8 16.a4 Qd7 17.Bd2 Nd8 18.a5 f5 19.Ba4 Qc7 20.g3 Rf6 21.f4 gxf3 22.Qxf3
Nf7 23.Ng2 Ng5 24.Bxg5 hxg5 25.Kf2 f4 26.g4 Rfh6 27.Qe2 f3 28.Qxf3 Nc6 29.
Ke2 Rh3 0-1

[Event "Nat 4 Albi - Blaye"]
[Site "Albi"]
[Date "2007.10.21"]
[Round "1"]
[White "Pierre, Thimothé"]
[Black "Arlabosse, Nicolas"]
[Result "0-1"]
[WhiteElo "1928"]
[BlackElo "1920"]
[EventDate "2007.??.??"]
[PlyCount "53"]

1.e4 c5 2.Nc3 Nc6 3.f4 e6 4.Nf3 d5 5.d3 b5 6.exd5 exd5 7.d4 a6 8.dxc5 d4 
9.Ne4 f5 10.Nd6+ Bxd6 11.cxd6 Qxd6 12.c3 Qe7+ 13.Be2 dxc3 14.Qc2 Nf6 15.
Qxc3 Bb7 16.Qe3 Ne4 17.O-O Rd8 18.a3 O-O 19.b4 Rfe8 20.Re1 Qf6 21.Qb3+ Kh8
22.Bb2 Qh6 23.Qf7 Ne7 24.Ne5 Qb6+ 25.Kh1 Nf2+ 26.Kg1 Nh3+ 27.Kh1 0-1

[Event "Régionale 1"]
[Site "Castelsarrasin"]
[Date "2007.10.21"]
[Round "1"]
[White "PASTORELLI LOIC"]
[Black "RIVIERE FREDERIC"]
[Result "1/2-1/2"]
[WhiteElo "1808"]
[BlackElo "1848"]
[EventDate "2007.??.??"]
[Annotator "EQUIPE DE MURET"]
[PlyCount "110"]

1.Nf3 d5 2.c4 c6 3.e3 Nf6 4.Be2 Nbd7 5.O-O e5 6.cxd5 cxd5 7.Bb5 Bd6 8.d4 
e4 9.Ne5 O-O 10.Nxd7 Bxd7 11.Nc3 Bxh2+ 12.Kxh2 Ng4+ 13.Kg3 Qc7+ 
    ( 13...Qb8+ 14.f4 exf3+ 15.Kxf3 Bxb5 16.Nxb5 Nh2+ 17.Kf2 Nxf1 )
14.f4 exf3+ 15.Kxf3 Nh2+ 16.Kf2 Nxf1 17.Qxf1 Qd6 18.Bd2 Bxb5 19.Qxb5 Rfd8 
20.Rf1 a6 21.Qd3 b5 22.Rh1 h6 23.Rh5 Qe6 24.Qf5 Rac8 25.Ke2 Rc6 26.Qxe6 
fxe6 27.Kd3 Rcd6 28.Ne2 Kh7 29.Re5 g5 30.Bb4 Rc6 31.Bc5 Kg6 32.g4 Rd7 33.
b4 Rf7 34.e4 Rf3+ 35.Kd2 dxe4 36.Rxe4 h5 37.gxh5+ Kxh5 38.Re3 Kg4 39.Re4+ 
Kf5 40.Re5+ Kf6 41.Nc3 Rf5 42.Re3 Rf4 43.d5 Rc8 44.Rxe6+ Kf5 45.Ne2 Rh4 
46.Nd4+ Kf4 47.Re2 g4 48.Ne6+ Kf5 49.d6 Rh7 50.Kd3 g3 51.Nd4+ Kf6 52.Rg2 
Rg8 53.Ne2 Ke6 54.Nf4+ Ke5 55.Ke3 Rg4 1/2-1/2

[Event "R1 - Castel-Moissac / CD Muret"]
[Site "?"]
[Date "2007.10.27"]
[Round "2.6"]
[White "Cebollero, Daniel"]
[Black "El Bakkouri, Abdel"]
[Result "1-0"]
[WhiteElo "1590"]
[BlackElo "1460"]
[EventDate "2007.??.??"]
[PlyCount "81"]

1.d4 d5 2.c4 e6 3.a3 Nf6 4.Nc3 g6 5.Bf4 Bd7 6.Nf3 Bg7 7.Be5 O-O 8.e3 Nc6 
9.Bxf6 Bxf6 10.cxd5 exd5 11.Nxd5 Bg7 12.Bc4 Bg4 13.O-O Ne7 14.Nxe7+ Qxe7 
15.Be2 Be6 16.Rc1 Bd5 17.Qc2 c6 18.Qc5 Qd8 19.Ne5 f6 20.Nd3 Re8 21.Nb4 Bf8
22.Qc3 Bxb4 23.Qxb4 b5 24.Bd3 f5 25.Bc2 Qg5 26.g3 Qg4 27.Bb3 Qe4 28.Bxd5+ 
Qxd5 29.Rc5 Qd7 30.Qb3+ Kg7 31.Rfc1 Rac8 32.Qc3 Kg8 33.d5 Qe7 34.Rxc6 Rcd8
35.Rc7 Rd7 36.Qc5 Red8 37.Rxd7 Rxd7 38.Qxb5 Rb7 39.Rc8+ Kf7 40.Qc4 Qd6 41.
Rc6 1-0

[Event "R1 - Castel-Moissac / CD Muret"]
[Site "?"]
[Date "2007.10.27"]
[Round "2.5"]
[White "Trento, Jean-Claude"]
[Black "Prieur, Axel"]
[Result "0-1"]
[WhiteElo "1499"]
[BlackElo "1710"]
[EventDate "2007.??.??"]
[PlyCount "83"]

1.e4 e5 2.Nf3 d6 3.Nc3 Bg4 4.Be2 Nf6 5.d4 exd4 6.Nxd4 Bxe2 7.Qxe2 Be7 8.
Qb5+ Nbd7 9.Qxb7 Nc5 10.Qb5+ Qd7 11.Qxd7+ Kxd7 12.Nf5 Ncxe4 13.Nxe4 Nxe4 
14.O-O Bf6 15.c3 Rab8 16.Re1 Nxc3 17.bxc3 Bxc3 18.Re7+ Kc6 19.Bb2 Bxb2 20.
Rd1 g6 21.Ne3 f5 22.Nc4 Bf6 23.Re6 Rhf8 24.g3 Rbe8 25.Rde1 Kd7 26.R6e2 Bc3
27.Rxe8 Rxe8 28.Rxe8 Kxe8 29.h4 Bb4 30.Ne3 Kd7 31.Nd5 c5 32.Kf1 Ke6 33.
Nxb4 cxb4 34.Ke2 Kd5 35.Kd3 a5 36.f3 a4 37.Kc2 Kd4 38.Kb2 Ke3 39.g4 d5 40.
gxf5 gxf5 41.a3 b3 42.Kc3 0-1

[Event "R1 - Castel-Moissac / CD Muret"]
[Site "?"]
[Date "2007.10.27"]
[Round "2.4"]
[White "Vainguer, Guillaume"]
[Black "Bielec, Christian"]
[Result "1/2-1/2"]
[WhiteElo "1800"]
[BlackElo "1590"]
[EventDate "2007.??.??"]
[PlyCount "114"]

1.d4 Nf6 2.Bg5 c6 3.Nd2 e6 4.e4 Be7 5.Bd3 d6 6.Ne2 Nbd7 7.c4 e5 8.O-O O-O 
9.b4 a6 10.Qc2 exd4 11.Nxd4 Ne5 12.Nf5 Bxf5 13.exf5 Nxd3 14.Qxd3 Qd7 15.
Rae1 Rad8 16.Ne4 Nxe4 17.Bxe7 Qxe7 18.Rxe4 Qf6 19.Re2 h6 20.Rd1 d5 21.c5 
Rd7 22.a4 Rfd8 23.g4 Kf8 24.Qd4 Qxd4 25.Rxd4 Re8 26.Re3 Rde7 27.Red3 Re5 
28.h4 Ke7 29.f3 Kf6 30.Kf2 g6 31.fxg6 fxg6 32.Rf4+ Kg7 33.Rd2 g5 34.hxg5 
Rxg5 35.Re2 Ree5 36.Rxe5 Rxe5 37.Rd4 Kf6 38.f4 Re7 39.Kg3 Kg6 40.Kh4 Re8 
41.b5 axb5 42.axb5 Re1 43.bxc6 bxc6 44.Ra4 Rc1 45.Ra5 Rc4 46.f5+ Kf6 47.
Kh5 d4 48.Kxh6 d3 49.g5+ Kxf5 50.Ra3 Rh4+ 51.Kg7 Rh3 52.g6 Rg3 53.Kf7 d2 
54.Rxg3 d1=Q 55.g7 Qd7+ 56.Kg8 Qe7 57.Rf3+ Ke4 1/2-1/2

[Event "R1 - Castel-Moissac / CD Muret"]
[Site "?"]
[Date "2007.10.27"]
[Round "2.3"]
[White "Chan, Bernard"]
[Black "Sangoï, Jean-Jacques"]
[Result "1-0"]
[WhiteElo "1499"]
[BlackElo "1820"]
[EventDate "2007.??.??"]
[PlyCount "125"]

1.e4 c5 2.Nf3 d6 3.d4 cxd4 4.Nxd4 Nc6 5.Nc3 Nf6 6.Be2 g6 7.O-O Bg7 8.Nxc6 
bxc6 9.Be3 O-O 10.Rb1 Qc7 11.Qd2 Bb7 12.Bh6 c5 13.Bxg7 Kxg7 14.Qe3 a6 15.
h3 e6 16.Qf4 Nd7 17.Rbd1 Ne5 18.Qe3 Rad8 19.f4 Nc6 20.Na4 Ne7 21.Qc3+ f6 
22.Bg4 e5 23.Qc4 Nc6 24.Nc3 Nd4 25.Rd2 h5 26.Bd1 Qf7 27.Qd3 Qg8 28.Qg3 Qh7
29.Qh4 Qh6 30.Rdf2 g5 31.fxg5 fxg5 32.Qxh5 Qxh5 33.Bxh5 Rxf2 34.Rxf2 Rf8 
35.Rd2 Rf4 36.Bd1 Kf6 37.g3 Nf3+ 38.Bxf3 Rxf3 39.Kg2 Re3 40.Rxd6+ Ke7 41.
Rd2 Bxe4+ 42.Nxe4 Rxe4 43.Kf3 Rc4 44.b3 Rc3+ 45.Kg4 Ke6 46.Rg2 Kf6 47.a4 
a5 48.h4 gxh4 49.gxh4 c4 50.Rf2+ Ke6 51.h5 cxb3 52.cxb3 Rxb3 53.h6 Rb7 54.
Kg5 Rf7 55.Rxf7 Kxf7 56.Kf5 e4 57.Kxe4 Kg6 58.Kd5 Kxh6 59.Kc5 Kg6 60.Kb5 
Kf7 61.Kxa5 Ke7 62.Kb6 Kd7 63.Kb7 1-0

[Event "R1 - Castel-Moissac / CD Muret"]
[Site "?"]
[Date "2007.10.27"]
[Round "2.2"]
[White "Rivière, Frédéric"]
[Black "Fouhami, Abdel"]
[Result "1-0"]
[WhiteElo "1848"]
[BlackElo "1499"]
[EventDate "2007.??.??"]
[PlyCount "33"]

1.e4 e5 2.Nf3 d6 3.d4 exd4 4.Nxd4 Nf6 5.Nc3 c6 6.Be2 h6 7.O-O Qe7 8.Re1 
Qc7 9.Bf4 Nbd7 10.Bg3 Ne5 11.f4 Ng6 12.e5 Nd7 13.e6 fxe6 14.Nxe6 Qb8 15.
Bh5 Kf7 16.Qd3 Kg8 17.Qxg6 1-0

[Event "R1 - Castel-Moissac / CD Muret"]
[Site "?"]
[Date "2007.10.27"]
[Round "2.1"]
[White "Hacid, Abdalah"]
[Black "Ramahef, Eric"]
[Result "0-1"]
[WhiteElo "1680"]
[BlackElo "2010"]
[EventDate "2007.??.??"]
[PlyCount "132"]

1.d4 Nf6 2.c4 e6 3.Nc3 Bb4 4.Nf3 c5 5.e3 O-O 6.Bd3 Nc6 7.a3 Bxc3+ 8.bxc3 
d6 9.O-O b6 10.Qc2 e5 11.d5 Na5 12.Nd2 Ba6 13.Re1 h6 14.Qa4 Bc8 15.Qd1 Qe7
16.f3 Re8 17.e4 Nh5 18.Nf1 Ba6 19.Ne3 Qf6 20.Ng4 Qg6 21.Qe2 Nb3 22.Be3 
Nxa1 23.Rxa1 Bc8 24.Nf2 Nf4 25.Bxf4 exf4 26.Qd2 Qg5 27.Bc2 Qh4 28.Nd3 g5 
29.Ba4 Re7 30.Bc6 Rb8 31.e5 Bf5 32.exd6 Re3 33.Nf2 Rd8 34.Re1 Rxd6 35.Rxe3
fxe3 36.Qxe3 Qf4 37.Qe1 Rd8 38.Bb5 Kf8 39.Ne4 Bxe4 40.fxe4 Qe5 41.Qe3 f5 
42.Qf3 Qxe4 43.Qxe4 fxe4 44.Kf2 Ke7 45.a4 Kd6 46.Ke3 Ke5 47.h3 Rd6 48.Be8 
Rf6 49.Bh5 Rf1 50.Ke2 Ra1 51.Be8 Ra2+ 52.Kf1 e3 53.g3 Rc2 54.h4 gxh4 55.
gxh4 Rxc3 56.Bf7 Rc2 57.Ke1 Rd2 58.Be8 Kf4 59.Bf7 Kg4 60.h5 Kf3 61.d6 Rxd6
62.Bd5+ Kf4 63.Ke2 Rd7 64.a5 bxa5 65.Ke1 Rg7 66.Bg2 Rxg2 0-1

[Event "Open FIDE de Pau"]
[Site "?"]
[Date "2007.11.02"]
[Round "2.11"]
[White "Velten, Paul"]
[Black "Rivière, Frédéric"]
[Result "1/2-1/2"]
[WhiteElo "2035"]
[BlackElo "1848"]
[EventDate "2007.11.13"]
[PlyCount "92"]
[SourceDate "2007.11.13"]

1.d4 d5 2.c4 c6 3.Nf3 Nf6 4.Nc3 e6 5.Bg5 Be7 6.e3 Nbd7 7.Rc1 O-O 8.Qc2 h6 
9.Bh4 Re8 10.Be2 dxc4 11.Bxc4 Nd5 12.Bg3 Qa5 13.O-O Nxc3 14.bxc3 c5 15.
Rfd1 cxd4 16.cxd4 Nf6 17.e4 Bd7 18.d5 exd5 19.e5 dxc4 20.exf6 Ba4 21.Qxc4 
Bxd1 22.Rxd1 Bxf6 23.h4 Rad8 24.Rb1 b6 25.Kh2 Qd5 26.Qa4 Qd7 27.Qa6 Re4 
28.Rc1 Ra4 29.Qf1 g5 30.Rc7 Qe6 31.hxg5 hxg5 32.Qc1 Qd5 33.a3 Kg7 34.Ne5 
Rh4+ 35.Bxh4 Bxe5+ 36.Bg3 Rh8+ 37.Kg1 Bxc7 38.Bxc7 Kg6 39.Qc2+ Qf5 40.Qd1 
Rc8 41.g4 Qe4 42.f3 Qe3+ 43.Kg2 Rxc7 44.Qd6+ f6 45.Qxc7 Qe2+ 46.Kg1 Qe1+ 
1/2-1/2

[Event "R2-cd muret/CEIT5"]
[Site "Cd Muret"]
[Date "2007.11.24"]
[Round "2.6"]
[White "Lafaurie, F."]
[Black "Fouhami, A."]
[Result "1-0"]
[WhiteElo "1350"]
[BlackElo "1490"]
[EventDate "2007.??.??"]
[PlyCount "103"]

1.e4 e5 2.Nf3 d6 3.d4 exd4 4.Nxd4 Qf6 5.Nc3 c6 6.Be3 Ne7 7.Bd3 Be6 8.h4 h6
9.Qd2 Ng6 10.Nxe6 Qxe6 11.O-O-O Be7 12.h5 Ne5 13.Bf4 Nbd7 14.Kb1 Nb6 15.
Bxe5 Qxe5 16.f4 Qc5 17.e5 d5 18.Rhe1 O-O-O 19.Qe2 Kb8 20.Qg4 Bf8 21.e6 f6 
22.Qf5 Qe7 23.a4 Nc8 24.a5 a6 25.Qh3 Nd6 26.Na4 Nc8 27.Qe3 Qb4 28.Nb6 Be7 
29.Nxc8 Kxc8 30.Qb6 Qxf4 31.Bxa6 Qc7 32.Qxc7+ Kxc7 33.Be2 Bb4 34.c3 Bxa5 
35.Rd4 Rde8 36.Bg4 Re7 37.Bf3 Kb8 38.Re2 Bc7 39.c4 Be5 40.Rd3 Rd8 41.cxd5 
cxd5 42.Red2 d4 43.Rb3 Rd6 44.Rdd3 Kc7 45.Be4 b6 46.Rb4 Rexe6 47.Rc4+ Rc6 
48.Bxc6 Rxc6 49.Ra4 Kb7 50.Rdxd4 Bxd4 51.Rxd4 Kc7 52.Rg4 1-0

[Event "R2-cd muret/CEIT5"]
[Site "Cd Muret"]
[Date "2007.11.24"]
[Round "2.5"]
[White "El Bakkouri, A."]
[Black "Sac, Olivier"]
[Result "0-1"]
[WhiteElo "1460"]
[BlackElo "1420"]
[EventDate "2007.??.??"]
[PlyCount "78"]

1.d4 d5 2.c4 e6 3.Nf3 Nf6 4.e3 c5 5.Nc3 Nc6 6.cxd5 exd5 7.Bb5 Bd7 8.dxc5 
Bxc5 9.Nxd5 Nxd5 10.Qxd5 Qa5+ 11.b4 Qxb4+ 12.Bd2 Qxb5 13.Qe4+ Be7 14.Rb1 
Qa6 15.a4 O-O 16.Bc3 Rfe8 17.Qc2 Rad8 18.Qb3 b6 19.Nd2 Bg4 20.Qc4 Qxc4 21.
Nxc4 Be6 22.Nd2 Rd3 23.O-O Rxc3 24.Ne4 Rc4 25.Nd2 Rxa4 26.Rbc1 Rc8 27.f3 
Ne5 28.Rxc8+ Bxc8 29.Rc1 Bd7 30.f4 Nc6 31.Nf3 Bc5 32.Rc3 Ra3 33.Rxa3 Bxa3 
34.Kf2 b5 35.Ke2 b4 36.Nd2 a5 37.Kd3 Be6 38.Kc2 a4 39.Nb1 Bf5+ 0-1

[Event "R2-cd muret/CEIT5"]
[Site "Cd Muret"]
[Date "2007.11.24"]
[Round "2.4"]
[White "Castillo, A."]
[Black "Bielec, C."]
[Result "0-1"]
[WhiteElo "1499"]
[BlackElo "1590"]
[EventDate "2007.??.??"]
[PlyCount "64"]

1.e4 e5 2.Nf3 Nc6 3.Nc3 Bc5 4.Bc4 Nf6 5.h3 O-O 6.d3 d6 7.Bg5 Nd4 8.Nd5 Ne6
9.Bxf6 gxf6 10.Nh4 Kh8 11.Qf3 Nd4 12.Qd1 f5 13.Nf3 c6 14.Ne3 f4 15.Ng4 Ne6
16.c3 b5 17.Bb3 Ng5 18.Nh6 Be6 19.Nf5 Qf6 20.Bxe6 fxe6 21.N5h4 d5 22.Nxg5 
Qxg5 23.Qg4 Qf6 24.O-O Rg8 25.Qh5 Rg5 26.Qf3 Rg3 27.Qh5 Rag8 28.Kh2 R3g5 
29.Qe2 R5g7 30.exd5 Qxh4 31.Qxe5 Bxf2 32.dxc6 Qg3+ 0-1

[Event "R2-cd muret/CEIT5"]
[Site "Cd Muret"]
[Date "2007.11.24"]
[Round "2.3"]
[White "Chan, Bernard"]
[Black "Chmargounof, G."]
[Result "0-1"]
[WhiteElo "1499"]
[BlackElo "1510"]
[EventDate "2007.??.??"]
[PlyCount "122"]

1.Nf3 d5 2.c4 d4 3.d3 c5 4.b4 b6 5.e4 Qc7 6.Nbd2 e5 7.bxc5 bxc5 8.Nb3 Ne7 
9.h3 Ng6 10.Bd2 Nc6 11.Be2 Be7 12.Qc1 O-O 13.O-O a5 14.Re1 a4 15.Qa3 Bxh3 
16.Nc1 Bd7 17.Nh2 Nb4 18.Bf1 Nc2 19.Qb2 Nxe1 20.Bxe1 Bg5 21.g3 a3 22.Qc2 
Bxc1 23.Qxc1 Rfb8 24.Bd2 Qb6 25.Be2 Qb2 26.Bd1 Ba4 27.Be2 Bc2 28.Nf3 Bb1 
29.Qxb2 axb2 30.Rxb1 Rxa2 31.Bd1 Ra1 32.Bc2 Rxb1+ 33.Bxb1 Ra8 34.Be1 f6 
35.Kf1 Ra1 36.Nd2 h5 37.Ke2 h4 38.gxh4 Nxh4 39.f3 g5 40.Kf2 Ng6 41.Ke2 
Nf4+ 42.Kf2 Kg7 43.Kf1 Kh6 44.Bg3 Nxd3 45.Ke2 Nc1+ 46.Kd1 d3 47.Bxd3 Nxd3+
48.Kc2 Rc1+ 49.Kxd3 b1=Q+ 50.Nxb1 Rxb1 51.Bf2 Rb3+ 52.Ke2 Rc3 53.Bxc5 Rxc4
54.Be3 Rc2+ 55.Kf1 Kh5 56.Bf2 g4 57.Kg2 gxf3+ 58.Kxf3 Rc3+ 59.Ke2 Kg4 60.
Be3 Rxe3+ 61.Kxe3 Kg3 0-1

[Event "R2-cd muret/CEIT5"]
[Site "Cd Muret"]
[Date "2007.11.24"]
[Round "2.2"]
[White "Brauckman, M."]
[Black "Trento, J-C."]
[Result "1-0"]
[WhiteElo "1700"]
[BlackElo "1499"]
[EventDate "2007.??.??"]
[PlyCount "41"]

1.e4 c5 2.Nf3 Nc6 3.d4 cxd4 4.Nxd4 e5 5.Nf5 d6 6.Nc3 g6 7.Ne3 Nge7 8.Nb5 
Ng8 9.Nd5 f5 10.Nbc7+ Kf7 11.Nxa8 Nce7 12.Nac7 fxe4 13.Bc4 Kg7 14.O-O Nxd5
15.Nxd5 Be6 16.Be3 b6 17.Qd2 Qc8 18.Bb3 h5 19.f3 Bxd5 20.Qxd5 Nf6 21.Qf7# 
1-0

[Event "R2-cd muret/CEIT5"]
[Site "Cd Muret"]
[Date "2007.11.24"]
[Round "2.1"]
[White "Hacid, A."]
[Black "Bedel, Jean"]
[Result "1/2-1/2"]
[WhiteElo "1680"]
[BlackElo "1750"]
[EventDate "2007.??.??"]
[PlyCount "70"]

1.d4 d5 2.Nf3 Nf6 3.c4 e6 4.Bg5 Be7 5.e3 O-O 6.Nc3 h6 7.Bh4 a6 8.Qc2 dxc4 
9.Bxc4 Bd7 10.Ne5 Nc6 11.Nxd7 Nxd7 12.Bxe7 Qxe7 13.O-O Rad8 14.a3 Na5 15.
Bd3 c5 16.dxc5 Nxc5 17.Bh7+ Kh8 18.b4 g6 19.Bxg6 fxg6 20.Qxg6 Rf6 21.Qh5 
Nab3 22.Ra2 Nd2 23.bxc5 Nxf1 24.Kxf1 Qg7 25.Qh4 Rd3 26.Ne4 Rg6 27.Ng3 Qd7 
28.Qe4 Rg5 29.f4 Rxc5 30.Qg6 Rxe3 31.Qxh6+ Kg8 32.Qg6+ Kf8 33.Qf6+ Ke8 34.
Qh8+ Ke7 35.Qg7+ Ke8 1/2-1/2

[Event "N4 - Cahors/Muret"]
[Site "?"]
[Date "2007.11.25"]
[Round "2"]
[White "Thirion, Patrick"]
[Black "Gerothwohl, Tristan"]
[Result "1-0"]
[WhiteElo "1690"]
[BlackElo "140"]
[EventDate "2007.11.30"]
[PlyCount "73"]

1.e4 c5 2.d4 cxd4 3.c3 dxc3 4.Nxc3 Nc6 5.Nf3 e6 6.Bc4 Bb4 7.O-O Bxc3 8.
bxc3 Nge7 9.Bg5 O-O 10.Qe2 a6 11.Rfd1 Qc7 12.Rac1 Ng6 13.Bb3 b5 14.Qd2 
Nce5 15.Nxe5 Nxe5 16.Be7 Nc4 17.Bxc4 Qxc4 18.Bxf8 Kxf8 19.f3 Ra7 20.Qd6+ 
Ke8 21.Qd4 Rc7 22.Qxg7 Qxa2 23.Qxh7 Qb2 24.Qh8+ Ke7 25.Qd4 Rc4 26.Qe3 Bb7 
27.h4 b4 28.cxb4 Rxb4 29.h5 Rb5 30.Rd3 Bc6 31.h6 Rh5 32.Rdc3 Bb5 33.Rc5 
Rxc5 34.Qxc5+ Ke8 35.Qg5 Qd4+ 36.Kh1 Bc6 37.h7 1-0

[Event "N4 - Cahors/Muret"]
[Site "?"]
[Date "2007.11.25"]
[Round "2"]
[White "Montreuille, P."]
[Black "Pastorelli, Loic"]
[Result "0-1"]
[WhiteElo "1490"]
[BlackElo "1808"]
[EventDate "2007.11.30"]
[PlyCount "122"]

1.Nf3 Nf6 2.b3 d6 3.d4 Bg4 4.e3 e6 5.Be2 Be7 6.O-O O-O 7.Nbd2 Nc6 8.Bb2 d5
9.a3 h6 10.Rc1 Nd7 11.c4 Bd6 12.cxd5 exd5 13.Bb5 Ne7 14.h3 Be6 15.Re1 c6 
16.Bd3 Qc7 17.e4 Bf4 18.exd5 Nxd5 19.Rc2 Rae8 20.a4 Nb4 21.Rc3 Nxd3 22.
Rxd3 Bd5 23.Ba3 Bd6 24.Bxd6 Qxd6 25.Rde3 Nf6 26.Qc2 Rxe3 27.Rxe3 Re8 28.
Ne5 Re6 29.Qd3 Qe7 30.Qf5 Qb4 31.Qd3 Nh5 32.g3 Qa3 33.Kf1 Qc1+ 34.Re1 Bg2+
35.Ke2 Qa3 36.Nc4 Qe7 37.Kd2 Bd5 38.Re3 Bxc4 39.Nxc4 Nf6 40.g4 Nd5 41.Rxe6
fxe6 42.Ke1 Nf4 43.Qf3 g5 44.Qc3 Qf8 45.Qf3 b5 46.axb5 cxb5 47.Nd2 Qa3 48.
Qa8+ Qf8 49.Qxf8+ Kxf8 50.Ne4 a5 51.Nc3 b4 52.Nd1 Nxh3 53.Ke2 Ke7 54.Kd3 
Kd6 55.Kc4 Kc6 56.Kd3 Nf4+ 57.Ke4 Ne2 58.Nb2 Nc1 59.f4 gxf4 60.Kxf4 Nxb3 
61.Ke5 Kb5 0-1

[Event "N4 - Cahors/Muret"]
[Site "?"]
[Date "2007.11.25"]
[Round "2"]
[White "Boukhris-Ferre, Yacine"]
[Black "Houmeau, J."]
[Result "0-1"]
[WhiteElo "1850"]
[BlackElo "1560"]
[EventDate "2007.11.30"]
[PlyCount "104"]

1.e4 e5 2.Nf3 d6 3.d4 Nd7 4.c3 Be7 5.Bc4 Ngf6 6.Bxf7+ Kxf7 7.Ng5+ Kg8 8.
Qb3+ d5 9.Ne6 Qe8 10.Nxc7 Qg6 11.Nxa8 Qxg2 12.Rf1 Qxe4+ 13.Be3 exd4 14.
cxd4 Bd6 15.Nd2 Qe7 16.Rc1 Kf7 17.Nc7 Nb6 18.Nb5 Bb8 19.Ke2 Re8 20.Qa3 a6 
21.Qxe7+ Rxe7 22.Nc3 Bf5 23.a4 Bd6 24.a5 Nc8 25.Nb3 Na7 26.Kd2 h6 27.f3 
Nc6 28.Rce1 Nb4 29.Nc5 Nc6 30.Bf2 Nxa5 31.Rxe7+ Bxe7 32.Re1 Nc4+ 33.Kc1 
Bc8 34.Nd3 Bd6 35.Ne5+ Kf8 36.Bg3 Bb4 37.Re2 Bf5 38.Nxd5 Bd2+ 39.Rxd2 Nxd2
40.Kxd2 Nxd5 41.f4 Ke7 42.b3 Kd6 43.h4 b5 44.Nd3 a5 45.Nc5 Bc8 46.Ne4+ Ke6
47.Nc5+ Kf5 48.Nd3 Kg4 49.Be1 a4 50.bxa4 bxa4 51.Kc2 Bf5 52.Kd2 a3 0-1

[Event "N4 - Cahors/Muret"]
[Site "?"]
[Date "2007.11.25"]
[Round "2"]
[White "Nouvel, Denis"]
[Black "Partinico, Jeremy"]
[Result "0-1"]
[WhiteElo "1570"]
[BlackElo "1909"]
[EventDate "2007.11.30"]
[PlyCount "80"]

1.e4 c5 2.c3 Qa5 3.Nf3 Nc6 4.d4 cxd4 5.Nxd4 Nf6 6.Nxc6 bxc6 7.Bd3 d6 8.O-O
Rb8 9.Nd2 g6 10.Nb3 Qc7 11.Be3 c5 12.Qd2 c4 13.Bc2 cxb3 14.Bxb3 Bg7 15.
Rad1 O-O 16.f3 Ba6 17.Rfe1 Rfc8 18.h4 Bc4 19.Bxc4 Qxc4 20.b3 Qxc3 21.Bxa7 
Qxd2 22.Rxd2 Rb7 23.Be3 Nd7 24.Kf2 Rbc7 25.Ree2 Rc3 26.Bg5 Kf8 27.Be3 Nc5 
28.Kf1 Nd3 29.Rd1 Be5 30.Bd2 Bg3 31.Bxc3 Rxc3 32.Red2 Nf4 33.b4 Ke8 34.b5 
Kd8 35.Rb1 Kc7 36.Rdb2 Kb6 37.Ra1 Nd3 38.Rbb1 Ra3 39.Ke2 Be5 40.Rb3 Rxb3 
0-1

[Event "N4 - Cahors/Muret"]
[Site "?"]
[Date "2007.11.25"]
[Round "2"]
[White "Grimmer, Jonathan"]
[Black "Materre, D."]
[Result "1-0"]
[WhiteElo "1940"]
[BlackElo "1660"]
[EventDate "2007.11.30"]
[PlyCount "87"]

1.e4 d5 2.exd5 Qxd5 3.Nc3 Qd8 4.d4 Nf6 5.Bc4 Bf5 6.Nf3 e6 7.O-O Be7 8.Re1 
O-O 9.d5 exd5 10.Nxd5 Nxd5 11.Qxd5 Qxd5 12.Bxd5 c6 13.Rxe7 cxd5 14.Nd4 Bd7
15.Re5 Bc6 16.Nxc6 bxc6 17.Bf4 Na6 18.c3 Nc5 19.Re3 Rfe8 20.Rae1 Rxe3 21.
Rxe3 Ne6 22.Bg3 g5 23.f3 a6 24.h4 h6 25.hxg5 hxg5 26.Re5 Kg7 27.Kf2 Kf6 
28.Ke3 Re8 29.f4 gxf4+ 30.Bxf4 Nc7 31.Rxe8 Nxe8 32.Kd4 Ke6 33.Kc5 Kd7 34.
Kb6 Nf6 35.Kxa6 Ne4 36.Kb6 Nf2 37.Be3 Nd3 38.b3 Nb2 39.a4 Nd3 40.a5 Ne5 
41.a6 Kc8 42.a7 Nd7+ 43.Kxc6 Nb6 44.Bxb6 1-0

[Event "N4 - Cahors/Muret"]
[Site "?"]
[Date "2007.11.25"]
[Round "2"]
[White "Rouqual, Guy"]
[Black "Morariu, I."]
[Result "0-1"]
[WhiteElo "1850"]
[BlackElo "2090"]
[EventDate "2007.11.30"]
[PlyCount "118"]

1.d4 Nf6 2.Nf3 g6 3.Bf4 d6 4.Nbd2 Bg7 5.e4 O-O 6.Bc4 c6 7.O-O Nh5 8.Bg5 b5
9.Bb3 a5 10.a4 b4 11.Nc4 Qc7 12.Qd2 d5 13.exd5 cxd5 14.Nce5 e6 15.g4 Nf6 
16.Bxf6 Bxf6 17.Qh6 Bg7 18.Qh4 Nc6 19.Nxc6 Qxc6 20.Ng5 h6 21.Nf3 Ba6 22.
Rfe1 Qb6 23.Rad1 Rac8 24.Ne5 Qd8 25.Qg3 Bc4 26.Bxc4 Bxe5 27.Rxe5 Rxc4 28.
Rd2 Qc7 29.Qd3 Rc8 30.Ree2 Qf4 31.h3 Kg7 32.Kg2 Rh8 33.Re3 h5 34.Rf3 Qg5 
35.Qe3 Qxe3 36.fxe3 hxg4 37.hxg4 Rhc8 38.Rff2 Rb8 39.b3 Rc3 40.Kf3 g5 41.
Rh2 Rh8 42.Rxh8 Kxh8 43.Re2 Kg7 44.Kg3 f5 45.gxf5 exf5 46.Kf2 Kg6 47.Kg2 
Kh5 48.Kf3 f4 49.Rh2+ Kg6 50.Kg4 Rxe3 51.Rg2 Rc3 52.Rg1 Rxc2 53.Re1 Rg2+ 
54.Kf3 Rg3+ 55.Kf2 Rxb3 56.Re5 Ra3 57.Rxd5 Rxa4 58.Kf3 Ra3+ 59.Kg4 Rg3# 
0-1

[Event "N4 - Cahors/Muret"]
[Site "?"]
[Date "2007.11.25"]
[Round "2"]
[White "Hervet, Gilles"]
[Black "Dehaine, JC."]
[Result "1-0"]
[WhiteElo "1998"]
[BlackElo "1770"]
[EventDate "2007.11.30"]
[PlyCount "63"]

1.e4 d5 2.exd5 Qxd5 3.Nc3 Qd8 4.Bc4 Nf6 5.d4 c6 6.Nf3 e6 7.Bg5 Be7 8.Qd2 
Nbd7 9.O-O O-O 10.Rfe1 Re8 11.a4 h6 12.Bf4 Bf8 13.a5 Bb4 14.Ne5 Bxa5 15.
Bxh6 Bxc3 16.bxc3 Nxe5 17.Rxe5 g6 18.Bg5 Kg7 19.Re3 Qc7 20.Rh3 Bd7 21.Bf4 
Qd8 22.Be5 Rh8 23.Rf3 Rh7 24.Bxf6+ Qxf6 25.Rxf6 Kxf6 26.Qf4+ Ke7 27.Qc7 b6
28.Rxa7 Rxa7 29.Qxa7 b5 30.Bd3 Kd6 31.Bxb5 cxb5 32.Qc5# 1-0

[Event "N4 - Cahors/Muret"]
[Site "?"]
[Date "2007.11.25"]
[Round "2"]
[White "Nivat, Alain"]
[Black "Carpentier, JC."]
[Result "1-0"]
[WhiteElo "1866"]
[BlackElo "2063"]
[EventDate "2007.11.30"]
[PlyCount "49"]

1.e4 d5 2.exd5 Qxd5 3.Nc3 Qa5 4.b4 Qxb4 5.Rb1 Qd6 6.Nf3 Nf6 7.d4 g6 8.Nb5 
Qd8 9.Bc4 Bg7 10.O-O O-O 11.Re1 c6 12.Nc3 b5 13.Bd3 a5 14.Bg5 Re8 15.Qd2 
Bg4 16.Ne5 Qxd4 17.Nxf7 Nbd7 18.Be3 Ne4 19.Nxe4 Qa4 20.Nh6+ Bxh6 21.Bxh6 
Qxa2 22.Qg5 Bf5 23.g4 Bxe4 24.Bxe4 Ra6 25.Bxg6 1-0

[Event "N4 - Tarbes / CondomII"]
[Site "Tarbes"]
[Date "2007.11.25"]
[Round "2"]
[White "Aspinall, John"]
[Black "Lehman, Denis"]
[Result "0-1"]
[WhiteElo "1810"]
[BlackElo "1690"]
[EventDate "2007.11.23"]
[PlyCount "26"]

1.d3 d5 2.Nf3 Nf6 3.Nbd2 e6 4.e4 dxe4 5.dxe4 Bc5 6.Be2 Bxf2+ 7.Kxf2 Ng4+ 
8.Kg3 h5 9.h3 h4+ 10.Nxh4 Qxh4+ 11.Kf3 Qf2+ 12.Kxg4 e5+ 13.Kg5 Qf4# 0-1

[Event "N4 - Tarbes / CondomII"]
[Site "Tarbes"]
[Date "2007.11.25"]
[Round "2"]
[White "Phalippou, Philippe"]
[Black "Rauzieres, Guy"]
[Result "1-0"]
[WhiteElo "1740"]
[BlackElo "1770"]
[EventDate "2007.11.23"]
[PlyCount "103"]

1.c4 Nf6 2.g3 e5 3.Bg2 c6 4.d4 Bb4+ 5.Nc3 Qe7 6.dxe5 Qxe5 7.Bd2 O-O 8.Nf3 
Qe6 9.Qb3 Na6 10.O-O Re8 11.Ng5 Qe7 12.Rfe1 Ba5 13.a3 Bb6 14.Qc2 Nc5 15.b4
Ne6 16.c5 Bc7 17.Rad1 d5 18.e4 h6 19.exd5 cxd5 20.Nxd5 Qd8 21.Nxf6+ Qxf6 
22.Qh7+ Kf8 23.Nxe6+ Rxe6 24.Qh8+ Ke7 25.Bh3 Rb8 26.Bxe6 Bxe6 27.Qh7 Rd8 
28.Qc2 Kf8 29.Bc3 Qf3 30.Rxd8+ Bxd8 31.Re3 Qg4 32.Qe2 Qg6 33.Qd3 Qg5 34.f4
Qe7 35.Qh7 Ke8 36.Qxg7 Kd7 37.Bf6 Qxf6 38.Rd3+ Kc8 39.Qxf6 Bxf6 40.Rd6 Kc7
41.f5 Bb2 42.fxe6 fxe6 43.Rxe6 Bxa3 44.Re4 Kc6 45.h4 Kb5 46.g4 a5 47.bxa5 
Bxc5+ 48.Kg2 Kxa5 49.Re5 Kb4 50.Rxc5 Kxc5 51.g5 b5 52.gxh6 1-0